ASOIAF I Buried my child Quiz Stats

 Plays Quiz not verified by Sporcle

Challenge
Share
Tweet
Embed
Score 0/10 Timer 04:00
0 Plays Today
Rank Character % Correct
1Robb Stark
95.5%
2Joffrey Baratheon
94.2%
3Quentyn Martell
58.3%
4Rhaegar Targaryen
53.9%
5Cleos Frey
36.6%
7Little Walder Frey
35.4%
8Merrett Frey
30%
10Wendel Manderly
28.5%
9Waymar Royce
19.8%
6Arys Oakheart
14.6%

You're not logged in!

Compare scores with friends on all Sporcle quizzes.
Join for Free
OR
Log In

You Might Also Like...

Show Comments

Extras

Top Quizzes Today


Score Distribution

Your Account Isn't Verified!

In order to create a playlist on Sporcle, you need to verify the email address you used during registration. Go to your Sporcle Settings to finish the process.

Report this User

Report this user for behavior that violates our Community Guidelines.

Details: